00353pab a2200133 454500008004000000100001600040245007900056260000900135300001400144362000800158650001000166700001700176773002600193180718b2009 xxu||||| |||| 00| 0 eng d aShionoj, P. aIndia's potential for agricultural trade in Asia: a gravity model approach c2009 ap.475-86. aDec aTrade aMathur, V.C. aAsian Economic Review